Administración pública: elaboración de la política en las dependencias gubernamentales

সংরক্ষণ করুন:
গ্রন্থ-পঞ্জীর বিবরন
প্রধান লেখক: Sharkanski, Ira (Author)
বিন্যাস: গ্রন্থ
ভাষা:স্প্যানিশ
প্রকাশিত: Ciudad de México Editores Asociados 1977
মালা:Didáctica Moderna
বিষয়গুলি:
ট্যাগগুলো: ট্যাগ যুক্ত করুন
কোনো ট্যাগ নেই, প্রথমজন হিসাবে ট্যাগ করুন!

MARC

LEADER 00000nam a2200000 a 4500
001 UCO7485
003 CL-VaPUC
008 001117e19770000MX |||||||||||||||||spa|d
082 0 4 |a 351.007  |b SHA  |2 21 
100 0 |a Sharkanski, Ira  |e author  |9 451975 
245 1 0 |a Administración pública: elaboración de la política en las dependencias gubernamentales 
300 |a 189 p 
942 |c BK 
945 |d 20001117 00:00:00  |a lriquelm 
260 |a Ciudad de México  |b Editores Asociados  |c 1977 
500 |a Edición condensada por Charles Mundale para uso de los estudiantes de las carreras de Licenciado en Administración, Licenciado en Economía y Licenciado en Derecho 
650 0 |a Administración pública   |9 255343 
650 7 |a ORGANIZACION ADMINISTRATIVO  |2 CL-VaPUC  |9 451976 
650 7 |a SISTEMAS ADMINISTRATIVOS  |2 CL-VaPUC  |9 408227 
650 7 |a EJECUTIVOS  |2 CL-VaPUC  |9 260629 
650 7 |a LEGISLADORES  |2 CL-VaPUC  |9 257664 
650 0 |a Administradores  |9 342221 
583 |a last modification  |c 20001117 00:00:00  |k Rodrigo Vera 
490 0 |a Didáctica Moderna 
999 |c 292399  |d 292397 
952 |0 0  |1 0  |4 0  |6 351_007000000000000_SHA_1977  |7 0  |8 A  |9 343298  |a BIBHIS  |b BIBHIS  |d 2019-11-20  |i 1209892  |o 351.007 SHA 1977  |p 1209892  |r 2025-01-20  |w 2019-11-20  |y BK  |k HIS